LIBRARY & INFORMATION CENTRE, KCAET, TAVANUR

ONLINE PUBLIC ACCESS CATALOGUE (OPAC)

Normal view MARC view
  • Jayan, P.R (Guide)

Entry Personal Name

Number of records used in: 3

001 - CONTROL NUMBER

  • control field: 3301

003 - CONTROL NUMBER IDENTIFIER

  • control field: OSt

005 - DATE AND TIME OF LATEST TRANSACTION

  • control field: 20180904125135.0

008 - FIXED-LENGTH DATA ELEMENTS

  • fixed length control field: 180904|| aca||aabn | a|a d

040 ## - CATALOGING SOURCE

  • Original cataloging agency: OSt
  • Transcribing agency: OSt

100 ## - HEADING--PERSONAL NAME

  • Personal name: Jayan, P.R (Guide)

670 ## - SOURCE DATA FOUND

  • Source citation: Work cat.: (OSt): Pooja, V 3300, Computer aided analysis of 'sit and stand' type coconut climbers for mechanical stability, 2018
free website counter